Tyler, The Creator - Top 25 najczęściej odtwarzanych piosenek - Statystyki

Ogólne statystyki
  • Ten quiz został rozwiązany 21 razy
  • Średni wynik to 13 z 25
Statystyki odpowiedzi
Hint Odpowiedź % Poprawnych
Flower Boy See You Again
95%
IGOR EARFQUAKE
84%
Goblin She
84%
CHROMAKOPIA Like Him
74%
IGOR ARE WE STILL FRIENDS?
68%
IGOR NEW MAGIC WAND
68%
CHROMAKOPIA St. Chroma
68%
CHROMAKOPIA Sticky
68%
IGOR GONE, GONE / THANK YOU
63%
IGOR A BOY IS A GUN
58%
Don't Tap The Glass Sugar On My Tongue
58%
Singiel BEST INTEREST
53%
IGOR I THINK
53%
Wolf IFHY
47%
Flower Boy Who Dat Boy
47%
Goblin Yonkers
42%
Flower Boy 911 / Mr. Lonely
37%
Singiel Potato Salad
37%
CALL ME IF YOU GET LOST SWEET / I THOUGHT YOU WANTED TO DANCE
37%
Flower Boy Where this Flower Blooms
37%
Wolf Answer
32%
Flower Boy Glitter
32%
CALL ME IF YOU GET LOST WUSYANAME
32%
IGOR RUNNING OUT OF TIME
26%
Flower Boy Boredom
21%
Nie znaleziono quizów pasujących do podanych kryteriów
Rozkład punktacji
Procent ludzi z każdym wynikiem
Percentyl według liczby udzielonych odpowiedzi
Twoja historia wyników
Nie rozwiązałeś tego quizu